<?xml version="1.0" encoding="UTF-8"?><?xml-stylesheet type="text/xsl" href="static/style.xsl"?><OAI-PMH xmlns="http://www.openarchives.org/OAI/2.0/" xmlns:xsi="http://www.w3.org/2001/XMLSchema-instance" xsi:schemaLocation="http://www.openarchives.org/OAI/2.0/ http://www.openarchives.org/OAI/2.0/OAI-PMH.xsd"><responseDate>2026-04-27T21:50:07Z</responseDate><request verb="GetRecord" identifier="oai:uvadoc.uva.es:10324/3165" metadataPrefix="marc">https://uvadoc.uva.es/oai/request</request><GetRecord><record><header><identifier>oai:uvadoc.uva.es:10324/3165</identifier><datestamp>2021-06-29T09:31:44Z</datestamp><setSpec>com_10324_38</setSpec><setSpec>col_10324_852</setSpec></header><metadata><record xmlns="http://www.loc.gov/MARC21/slim" xmlns:doc="http://www.lyncode.com/xoai" xmlns:xsi="http://www.w3.org/2001/XMLSchema-instance" xmlns:dcterms="http://purl.org/dc/terms/" xsi:schemaLocation="http://www.loc.gov/MARC21/slim http://www.loc.gov/standards/marcxml/schema/MARC21slim.xsd">
<leader>00925njm 22002777a 4500</leader>
<datafield tag="042" ind1=" " ind2=" ">
<subfield code="a">dc</subfield>
</datafield>
<datafield tag="720" ind1=" " ind2=" ">
<subfield code="a">Gómez Repollés, María Concepción</subfield>
<subfield code="e">author</subfield>
</datafield>
<datafield tag="260" ind1=" " ind2=" ">
<subfield code="c">2013</subfield>
</datafield>
<datafield tag="520" ind1=" " ind2=" ">
<subfield code="a">El presente trabajo se centra en la realidad actual en la diversidad cultural existente en nuestras escuelas y la necesidad de adaptación del alumnado inmigrante y de minorías étnicas a nuestro sistema educativo. Basándose en la introducción de actividades que incluyan el conocimiento de las diversas culturas y tradiciones que conviven en las escuelas, para poder lograr una integración adecuada de este tipo de alumnado en riesgo de fracaso escolar. Se trata de una propuesta educativa elaborada a través de actividades diseñadas para el conocimiento y posterior valoración de las culturas presentes en el CEIP San Rafael, son seis actividades relacionadas con días señalados en las culturas de origen del alumnado inmigrante</subfield>
</datafield>
<datafield tag="024" ind2=" " ind1="8">
<subfield code="a">http://uvadoc.uva.es/handle/10324/3165</subfield>
</datafield>
<datafield ind1=" " ind2=" " tag="653">
<subfield code="a">Atención a la diversidad</subfield>
</datafield>
<datafield ind1=" " ind2=" " tag="653">
<subfield code="a">Educación intercultural</subfield>
</datafield>
<datafield ind1=" " ind2=" " tag="653">
<subfield code="a">Integración escolar</subfield>
</datafield>
<datafield tag="245" ind1="0" ind2="0">
<subfield code="a">Propuesta educativa para trabajar la diversidad en la escuela</subfield>
</datafield>
</record></metadata></record></GetRecord></OAI-PMH>